| 000 | 01476nam a2200385 i 4500 | ||
|---|---|---|---|
| 001 | 28268 | ||
| 003 | Mx-PuUPA | ||
| 005 | 20250605092916.0 | ||
| 008 | 140415s1982 mx gr 001 0 spa d | ||
| 020 | _a9684110863 | ||
| 040 |
_cMx-PuUPA _aMx-PuUPA _bspa _dMx-PuUPA _erda |
||
| 041 | 1 |
_aspa _hfre |
|
| 043 | _acl----- | ||
| 240 | 1 | 3 |
_aLe marxisme en Amérique Latine. _lEspañol |
| 245 | 1 | 3 |
_aEl marxismo en América Latina : _b(de 1909 a nuestro días). Antología / _cMichael Löwy ; traducción del francés, Óscar Barahona y Uxoa Doyhamboure |
| 250 |
_aPrimera edición / _ben español |
||
| 264 | 1 |
_aMéxico, D.F. : _bEdiciones Era, _c1982 |
|
| 300 |
_a430 páginas ; _c20 cm |
||
| 336 |
_2rdacontent _atexto _btxt |
||
| 337 |
_2rdamedia _asin medio _bn |
||
| 338 |
_2rdacarrier _avolumen _bnc |
||
| 490 | 0 | _aEl hombre y su tiempo | |
| 650 | 7 |
_2armarc _aComunismo _zAmérica Latina _xHistoria |
|
| 650 | 7 |
_2armarc _aSocialismo _zAmérica Latina _xHistoria |
|
| 650 | 7 |
_2armarc _aMarxismo _zAmérica Latina |
|
| 651 |
_aAmérica _xPolítica y gobierno _y1830-948 |
||
| 700 | 1 |
_aLöwy, Michael, _ecompilador |
|
| 700 | 1 |
_aBarahona, Óscara, _etraductor |
|
| 700 | 1 |
_aDoyhamboure, Uxoa, _etraductor |
|
| 765 |
_aLöwy, Michael _tLe marxisme en Amérique Latine _dParís : Librairie François Maspero, ©1980 |
||
| 942 |
_2ddc _cLI _hE4818 |
||
| 999 |
_c28268 _d28268 |
||